Future landscapes /

Bibliographic Details
Other Authors: MacEwen, Malcolm, 1911-1996
Format: Book
Language:English
Published: London : Chatto & Windus, 1976.
Subjects:

MARC

Tag First Indicator Second Indicator Subfields
LEADER 00000cam a2200000 i 4500
001 in00000332321
005 20151011060555.0
008 761110s1976 enka b 00100 eng
010 |a  76379472  
015 |a GB*** 
020 |a 070112170X :  |c 6.00 
035 |a (OCoLC)02588035 
035 |9 ABM6075AM 
040 |a DLC  |c DLC  |d TXA  |d UtOrBLW 
043 |a e-uk--- 
049 |a TXAM  |c [1394513] 
050 0 0 |a QH77.G7  |b F87 1976 
082 0 |a 333.7/0942 
245 0 0 |a Future landscapes /  |c edited by Malcolm MacEwen, with a foreword by H.R.H. the Duke of Edinburgh and an introd. by Lord Henley. 
264 1 |a London :  |b Chatto & Windus,  |c 1976. 
300 |a 224 pages :  |b illustrations ;  |c 24 cm. 
336 |a text  |b txt  |2 rdacontent 
337 |a unmediated  |b n  |2 rdamedia 
338 |a volume  |b nc  |2 rdacarrier 
504 |a Includes bibliographical references and index. 
650 0 |a Landscape protection  |z Great Britain. 
650 0 |a Regional planning  |z Great Britain. 
700 1 |a MacEwen, Malcolm,  |d 1911-1996. 
999 |a MARS 
999 f f |s fe169090-4172-3695-9118-d684170a69cc  |i cdf56ce1-7df7-3c41-b312-b667fbc7d910  |t 0 
952 f f |p ric  |a Texas A&M University  |b Rellis Campus  |c Joint Library Facility  |d Remote Storage  |t 0  |e QH77.G7 F87 1976  |h Library of Congress classification  |i unmediated -- volume  |m A14804822980 
998 f f |a QH77.G7 F87 1976  |t 0  |l Remote Storage